| 000 | 00757nam a2200253 4500 | ||
|---|---|---|---|
| 001 | 11924 | ||
| 003 | CO-MdFUSB | ||
| 005 | 20180622072728.0 | ||
| 008 | 170404t1979 xxu||||| |||| 00| 0 eng d | ||
| 040 |
_aCO-MdFUSB _bspa _cCO-MdFUSB _dCO-MdFUSBC _erda |
||
| 041 | 0 | _aeng | |
| 082 | 0 | 4 | _aG 207.15 V665g |
| 100 | 1 |
_aViertel, Weldon E. _eautor |
|
| 245 | 2 |
_aA guide to decentralized theological education _c / Weldon E. Viertel |
|
| 264 | 4 |
_aEl Paso, TX., USA : _bCarib Baptist, _c©1979 |
|
| 300 | _a93 Pag | ||
| 336 |
_2rdacontent _a1 _ba1 |
||
| 337 |
_2rdamedia _a2 _b5 |
||
| 338 |
_2rdacarrier _a2 _b5 |
||
| 501 | _aRústico | ||
| 505 | 0 | 0 | _aLa educación teológica - Enseñanza al nivel de la iglesia |
| 650 | 7 |
_aTeología bíblica _9320 |
|
| 942 | _cBK | ||
| 999 |
_c40980 _d40980 |
||